Избрани произведения (Запис номер 160718)
[ съкратено ]
| 000 -Лидер | |
|---|---|
| Контролно поле с фиксирана дължина | 01928nam a2200385 c 4500 |
| 003 - Код на организацията, давaща контролен номер | |
| Контролно поле | BLK |
| 005 - Дата и час на последна редакция | |
| Контролно поле | 20221104105804.0 |
| 008 - Елементи от данни с фиксирана дължина | |
| fixed length control field | 180410b bul|||||r ||||||| ||bul|| |
| 010 ## - Наследен системен номер | |
| LC control number | KNG00168001000 |
| 040 ## - Източник на каталожния запис | |
| Идентификатор на билиотеката - собственик на записа | BLK |
| 041 ## - Код за език | |
| Код за езика на текст/звукозапис или на отделно заглавие | Български |
| Код за езика КДБФ | Български |
| 080 ## - УДК | |
| Текстов определител УДК | Марксизъм-ленинизъм. Научен комунизъм |
| УДК код - определител по УДК | 141.82 |
| УДК определител | (081.2) |
| УДК - код + определител | 141.82(081.2) |
| 100 1# - Редна дума - Автор | |
| Автор | Ленин, Владимир Илич |
| Авторска отговорност | първи автор |
| R(LIN) | 364996 |
| 139 ## - Редно поле | |
| Редна дума | Ленин, Владимир Илич |
| Авторски знак | Лен - Л 45 |
| 245 10 - Сведения за заглавието | |
| Заглавие | Избрани произведения |
| Подзаглавни данни | В 5 т. За том: Статии и доклади |
| Редно поле (дума) | Владимир Илич Ленин; състав. Бернард Яков Мунтян. |
| Том | Т. 5 |
| Заглавие на том | Пролетарската революция и ренегатът Кауцки. Левичарството - детска болест на комунизма |
| 257 ## - Страна на издаване | |
| Страна на създаване/издаване | Русия |
| 260 ## - Област на издателските данни | |
| Име на издателя, разпространителя и проч. | Партиздат |
| Година на издаване | 1977 |
| Печатница | София : Д. Благоев |
| Място на издаване, разпространение и проч. | София |
| 300 ## - Физическа характеристика | |
| Страници | 391 с. |
| Илюстрации и др. | с табл., 2 л. : портр., факс. |
| Размери/Мащаб | 21 см |
| 380 ## - Жанр | |
| Жанр | Философия |
| 500 ## - Общи забележки | |
| Забележка | Библиогр. под линия. |
| 650 #4 - Допълнително описание по предмет – тема | |
| Основно описание – тема или топоним | Марксизъм-ленинизъм - философия |
| 9 (RLIN) | 277200 |
| 650 #4 - Допълнително описание по предмет – тема | |
| Основно описание – тема или топоним | Научен комунизъм |
| 9 (RLIN) | 253121 |
| 650 #4 - Допълнително описание по предмет – тема | |
| Основно описание – тема или топоним | Пролетариат, международен |
| 9 (RLIN) | 168001 |
| 650 #4 - Допълнително описание по предмет – тема | |
| Основно описание – тема или топоним | Революции |
| 9 (RLIN) | 169075 |
| 653 ## - Ключова дума – ненормативна | |
| Ключова дума | ленинизъм |
| 653 ## - Ключова дума – ненормативна | |
| Ключова дума | научен комунизъм |
| 653 ## - Ключова дума – ненормативна | |
| Ключова дума | революции |
| 700 1# - Други автори (авторска отговорност) | |
| Лично име | Мунтян, Бернард Яков |
| Автороска отговорност (Описва отношението между автора и произведението) | състав. |
| 9 (RLIN) | 99526 |
| 760 1# - Описание на основната серия | |
| Редна дума на основното описание | Ленин, Владимир Илич |
| Страници - том | 391 с. : с табл., 2 л. : портр., факс. |
| Заглавие | Т. 5 Пролетарската революция и ренегатът Кауцки. Левичарството - детска болест на комунизма |
| 852 ## - Местоположение | |
| Форматна сигнатура | Цб 89007 |
| 856 4# - Електронен адрес и достъп | |
| Електронен формат | pdf - файл |
| Инструкция (цена за достъп) | 0.00 |
| Права за достъп | disable |
| 856 4# - Електронен адрес и достъп | |
| Електронен формат | pdf - файл |
| Инструкция (цена за достъп) | 0.00 |
| Права за достъп | disable |
| 999 ## - СИСТЕМНИ КОНТРОЛНИ НОМЕРА | |
| Koha biblionumber | 160718 |
| Koha biblioitemnumber | 160718 |
| 942 ## - АРТИКУЛИ | |
| Вид на библиотечния материал | Книги |
| Скрит в OPAC | Не |
| Периодичен библиозапис | Да |
| 944 ## - СЪЗДАВАНЕ И РЕДАКЦИЯ на ЗАПИСА | |
| Създаване/Редакция | Създаване |
| Дата на регистрацията/редакция | 28.11.2014 |
| Служител, извършил регистрацията/редакцията | Милена_Ачева |
| 944 ## - СЪЗДАВАНЕ И РЕДАКЦИЯ на ЗАПИСА | |
| Създаване/Редакция | Редакция |
| Дата на регистрацията/редакция | 28.11.2014 |
| Служител, извършил регистрацията/редакцията | Милена_Ачева |
| 999 ## - СИСТЕМНИ КОНТРОЛНИ НОМЕРА | |
| Koha biblioitemnumber | 160718 |
| Код за отписване | Код за изгубен артикул | Източник на класификационната схема | Код за повреда | Коз за рестрикции | Код за отдаване | Артикулен № | Име на библиотеката - собственик | Име на библиотеката, в която се намира в момента | Статус (Текущо местоположение) | Дата на вписване в системата | Местоположение - отдел | Цена в лева | Инвентарен номер | Систематично азбучна сигнатура | Баркод | Номер на екземпляра | Цена в евро | Служебна бележка | Служебен тип на артикула |
|---|---|---|---|---|---|---|---|---|---|---|---|---|---|---|---|---|---|---|---|
| Не е изгубен | Universal Decimal Classification | Не е повреден | само за читалня | ползва се в читалня | 268684 | Регионална библиотека "Любен Каравелов" Русе | Регионална библиотека "Любен Каравелов" Русе | Хранилище | 1977-01-01 | Хранилище | 1.04 | 244888 | Цб 89007 | 120000244888 | 1 | 0.53 | Дост: Dp Вид: Д N: стар фонд Дата: 01.01.1977 | Книги |